Geology of the Hanagita-Bremner region, Alaska / (Record no. 25456)

MARC details
000 -LEADER
fixed length control field 00838cam a22002531 4500
001 - CONTROL NUMBER
control field gs 15000009
003 - CONTROL NUMBER IDENTIFIER
control field DLC
005 - DATE AND TIME OF LATEST TRANSACTION
control field 20260227111317.0
008 - FIXED-LENGTH DATA ELEMENTS--GENERAL INFORMATION
fixed length control field 790914s1914 dcuabf f001 0 eng
010 ## - LIBRARY OF CONGRESS CONTROL NUMBER
LC control number gs 15000009
035 ## - SYSTEM CONTROL NUMBER
System control number (OCoLC)5374742
040 ## - CATALOGING SOURCE
Original cataloging agency DLC
Transcribing agency ICharE
Modifying agency DLC
043 ## - GEOGRAPHIC AREA CODE
Geographic area code n-us-ak
050 00 - LIBRARY OF CONGRESS CALL NUMBER
Classification number QE75
Item number .B9 no. 576
051 ## - LIBRARY OF CONGRESS COPY, ISSUE, OFFPRINT STATEMENT
Classification number QE84.H3
Item number M6
100 1# - MAIN ENTRY--PERSONAL NAME
Personal name Moffit, Fred H.
Fuller form of name (Fred Howard),
Dates associated with a name 1874-1958?
245 10 - TITLE STATEMENT
Title Geology of the Hanagita-Bremner region, Alaska /
Statement of responsibility, etc. by Fred H. Moffit.
260 ## - PUBLICATION, DISTRIBUTION, ETC.
Place of publication, distribution, etc. Washington,
Name of publisher, distributor, etc. Govt. Print. Off.,
Date of publication, distribution, etc. 1914.
300 ## - PHYSICAL DESCRIPTION
Extent 56 p.
Other physical details ill. (maps., diagrs.) plates (1 fold.) 2 fold. maps (in pocket)
Dimensions 24 cm.
490 1# - SERIES STATEMENT
Series statement U.S. Geological survey. Bulletin 576
500 ## - GENERAL NOTE
General note Includes index.
650 #0 - SUBJECT ADDED ENTRY--TOPICAL TERM
Topical term or geographic name entry element Geology
Geographic subdivision Alaska
810 1# - SERIES ADDED ENTRY--CORPORATE NAME
Corporate name or jurisdiction name as entry element United States.
Subordinate unit Geological Survey.
Title of a work Bulletin ;
Volume/sequential designation 576.

No items available.

Powered by Koha